Youth, risk, routine : a new perspective on risk-taking in young lives /

Bibliographic Details
Main Authors: Bengtsson, Tea Torbenfeldt (Author), Ravn, Signe (Author)
Format: Book
Language:English
Published: London ; New York : Routledge, [2019]
Series:Youth, young adulthood and society.
Subjects:

MARC

Tag First Indicator Second Indicator Subfields
LEADER 00000cam a2200000 i 4500
001 in00004036751
005 20190122121326.0
008 180611t20192019enk b 001 0 eng
010 |a  2018019309 
020 |a 9781138217386  |q hardcover 
020 |a 1138217387  |q hardcover 
020 |z 9781315440767  |q electronic book 
035 |a (OCoLC)on1041195189 
040 |a DLC  |e rda  |c DLC  |d UtOrBLW 
049 |a TXAM 
050 0 0 |a BF637.R57  |b B46 2019 
082 0 0 |a 302/.12  |2 23 
100 1 |a Bengtsson, Tea Torbenfeldt,  |e author.  |0 http://id.loc.gov/authorities/names/no2003064972 
245 1 0 |a Youth, risk, routine :  |b a new perspective on risk-taking in young lives /  |c Tea Torbenfeldt Bengtsson and Signe Ravn. 
264 1 |a London ;  |a New York :  |b Routledge,  |c [2019] 
264 4 |c ©2019 
300 |a xi, 142 pages ;  |c 25 cm. 
336 |a text  |b txt  |2 rdacontent 
337 |a unmediated  |b n  |2 rdamedia 
338 |a volume  |b nc  |2 rdacarrier 
490 1 |a Youth, young adulthood and society 
504 |a Includes bibliographical references and index. 
505 0 |a Introduction: why study youth and risk? -- Setting the scene : growing up in denmark -- Looking back : "risk" in the sociology of youth -- Looking ahead : towards a new framework for analysing youth risk-taking as practice -- Being young : risk-taking practices and youth culture -- Coordinating practices : risk-taking and everyday life -- Embodying risk-taking : risk, embodiment and gender -- Contextualising risk : risk-taking, youth transitions and processes of social marginalisation -- Conclusion: routines of risk in young lives -- Routinisation -- Coordination -- Embodiment -- Social context -- Temporality -- A turn to practice: practical implications -- Appendix: the two empirical studies. 
650 0 |a Risk-taking (Psychology)  |0 http://id.loc.gov/authorities/subjects/sh85114203 
650 0 |a Youth.  |0 http://id.loc.gov/authorities/names/n85286177 
700 1 |a Ravn, Signe,  |e author.  |0 http://id.loc.gov/authorities/names/n2014014103 
830 0 |a Youth, young adulthood and society.  |0 http://id.loc.gov/authorities/names/n2016185730 
945 |b 763879 
947 |a A14850596942 
948 |a cataloged  |b h  |c 2018/11/5  |d c  |e dmitchel  |f 8:10:20 am 
994 |a 92  |b TXA 
999 f f |s 170832b4-7b0a-3513-afcc-b8ae789fa302  |i 21bce902-fa15-3085-8e37-8a17b5318179  |t 0 
952 f f |p normal  |a Texas A&M University  |b College Station  |c Sterling C. Evans Library  |d Evans: Library Stacks  |t 0  |e BF637.R57 B46 2019  |h Library of Congress classification  |i unmediated -- volume  |m A14850596942 
998 f f |a BF637.R57 B46 2019  |t 0  |l Evans: Library Stacks